Oracle Essbase & Oracle OLAP: (Record no. 36481)

MARC details
000 -LEADER
fixed length control field 01053nam a22002897a 4500
005 - DATE AND TIME OF LATEST TRANSACTION
control field 20100602120615.0
008 - FIXED-LENGTH DATA ELEMENTS--GENERAL INFORMATION
fixed length control field 100602t xxu||||| |||| 00| 0 eng d
010 ## - LCCN (DPL NO)
LC control number ENG-96261
020 ## - INTERNATIONAL STANDARD BOOK NUMBER
International Standard Book Number 9780070683587
Terms of availability 575.00
020 ## - INTERNATIONAL STANDARD BOOK NUMBER
International Standard Book Number 0070683581
Terms of availability 575.00
035 ## - SYSTEM CONTROL NUMBER
System control number EN-79794
037 ## - SOURCE OF ACQUISITION
Source of stock number/acquisition DBAD/PUB
040 ## - CATALOGING SOURCE
Original cataloging agency DPL
Language of cataloging ENG
082 ## - DEWEY DECIMAL CLASSIFICATION NUMBER
Classification number 006.3
100 ## - MAIN ENTRY--PERSONAL NAME
Personal name Schrader, Michael
245 ## - TITLE STATEMENT
Title Oracle Essbase & Oracle OLAP:
Remainder of title the guide to Oracle's multidimensional solution /
Statement of responsibility, etc by Michael Schrader...[et.al]
260 ## - PUBLICATION, DISTRIBUTION, ETC. (IMPRINT)
Place of publication, distribution, etc New Delhi
Name of publisher, distributor, etc Tata McGraw Hill
Date of publication, distribution, etc 2010
270 ## - ADDRESS
Address 7, West Patel Nagar
City New Delhi
Postal code 110008
300 ## - PHYSICAL DESCRIPTION
Extent xxvi, 498p.:
Other physical details ill.
Dimensions 23 cm (pbk)
500 ## - GENERAL NOTE
General note includes bibliographical references and index.
650 ## - SUBJECT ADDED ENTRY--TOPICAL TERM
Topical term or geographic name as entry element Database management.
650 ## - SUBJECT ADDED ENTRY--TOPICAL TERM
Topical term or geographic name as entry element Database management
General subdivision Statistics.
650 ## - SUBJECT ADDED ENTRY--TOPICAL TERM
Topical term or geographic name as entry element OLAP technology.
700 ## - ADDED ENTRY--PERSONAL NAME
Personal name Schrader, Michael
942 ## - ADDED ENTRY ELEMENTS (KOHA)
Source of classification or shelving scheme Dewey Decimal Classification
Item type English Books
Call number suffix SCH
Classification part 006.3
Holdings
Withdrawn status Lost status Source of classification or shelving scheme Materials specified (bound volume or other part) Damaged status Not for loan Collection code Home library Current library Date acquired Source of acquisition Cost, normal purchase price Total Checkouts Full call number Barcode Date last seen Copy number Cost, replacement price Koha item type
    Dewey Decimal Classification Pbk   Not For Loan Non-fiction D.B.Act.Division D.B.Act.Division 02/05/2010 DBAD/PUB 575.00   SCH EN-79794 02/06/2010 1 575.00 English Books

© Delhi Public Library
Hit Counter
free hit counter